Flagi Europy ale jesteś daltonistą - Statystyki

Ogólne statystyki
  • Ten quiz został rozwiązany 451 razy
  • Średni wynik to 39 z 45
Statystyki odpowiedzi
Obrazkowy Odpowiedź % Poprawnych
Hiszpania
99%
Watykan
99%
Holandia
97%
Estonia
96%
Niemcy
96%
Rosja
96%
Albania
94%
Dania
94%
Monako
94%
Rumunia
94%
Polska
93%
Słowenia
93%
Ukraina
93%
Białoruś
91%
Kosowo
91%
San Marino
91%
Serbia
91%
Finlandia
90%
Wielka Brytania
90%
Francja
89%
Łotwa
89%
Macedonia Północna
89%
Szwecja
89%
Czechy
88%
Malta
88%
Szwajcaria
88%
Belgia
87%
Bośnia i Hercegowina
87%
Islandia
87%
Mołdawia
87%
Grecja
86%
Liechtenstein
86%
Portugalia
86%
Litwa
84%
Chorwacja
82%
Norwegia
80%
Słowacja
80%
Czarnogóra
78%
Austria
77%
Andora
76%
Luksemburg
76%
Włochy
76%
Irlandia
75%
Bułgaria
69%
Węgry
53%
Nie znaleziono quizów pasujących do podanych kryteriów
Rozkład punktacji
Procent ludzi z każdym wynikiem
Percentyl według liczby udzielonych odpowiedzi
Twoja historia wyników
Nie rozwiązałeś tego quizu